000 01960cam a2200157 4500500
005 20260111045235.0
041 _afre
042 _adc
100 1 0 _aAltman-Morant, Charlotte
_eauthor
245 0 0 _aDel «yo haré» al «yo hago»: Trayectoria de la motilidad en personas gordas que han adelgazado
260 _c2025.
500 _a43
520 _aEl aumento del sedentarismo, la moralización de la actividad física y el mayor recurso a la cirugía bariátrica constituyen el contexto en el que se inscribe esta investigación dedicada a la motilidad de las personas gordas. Con el fin de analizar cómo la pérdida de peso inducida médicamente afecta al esquema corporal, este artículo sitúa la motilidad (entendida como la capacidad de moverse, así como las posibilidades y las condiciones de este desplazamiento), en su contexto teórico en las ciencias sociales. A partir de una encuesta cualitativa realizada en Marsella que combinó entrevistas y observación participante, el estudio muestra que la pérdida de peso modifica la relación con el cuerpo sin que el esquema corporal se ajuste de inmediato. Las personas gordas que fueron encuestadas suelen seguir moviéndose como si su cuerpo fuera el mismo que tenían antes de la operación, lo que revela una discrepancia entre el cuerpo y su percepción. Siguen empleando estrategias de adaptación y anticipación frente a su entorno, sus actividades y los demás, lo que demuestra que, antes de la cirugía, su motilidad era a la vez limitada y proyectada. La movilidad recuperada tras la intervención y su integración en el esquema corporal terminan por inscribirse en un horizonte normativo en el que se valora el rendimiento: el «yo haré» anteriormente proyectado se convierte en un «yo hago» ahora encarnado.
786 0 _nStaps | 153 | 5 | 2025-12-09 | p. 35-56 | 0247-106X
856 4 1 _uhttps://shs.cairn.info/revista-staps-2025-5-page-35?lang=es&redirect-ssocas=7080
999 _c1613079
_d1613079